Roľnícke vzájomné pokladnice

Na podnet predsedu agrárnej strany na Slovensku M. Hodžu sa od roku 1924 začali zakladať Roľnícke vzájomné pokladnice (RVP) - svojpomocné ľudové peňažné ústavy na družstevnom podklade. Hlavné poslanie - poskytovanie lacného úveru malým a stredným roľníkom. Úverová činnosť.

Salvato in:
Dettagli Bibliografici
Autore principale: Nátherová, T.
Natura: Capitolo di libro
Lingua:slovacco
Soggetti:
Tags: Aggiungi Tag
Nessun Tag, puoi essere il primo ad aggiungerne!!

MARC

LEADER 00000naa a2200000 4500
001 r016142
005 20221205085903.8
041 0 |a slo 
044 |a SK 
245 1 0 |a Roľnícke vzájomné pokladnice  |c T. Nátherová 
520 |a Na podnet predsedu agrárnej strany na Slovensku M. Hodžu sa od roku 1924 začali zakladať Roľnícke vzájomné pokladnice (RVP) - svojpomocné ľudové peňažné ústavy na družstevnom podklade. Hlavné poslanie - poskytovanie lacného úveru malým a stredným roľníkom. Úverová činnosť. 
610 2 0 |a ústavy úverové 
610 2 0 |a peňažníctvo 
610 2 0 |a história 
610 2 0 |a ČSR 
610 2 0 |a 1924-1938 
100 1 |a Nátherová, T.